Statistics for twilight quiz

Click here to take the quiz!

General Stats

  • This quiz has been taken 956 times
  • The average score is 9 of 14

Answer Stats

Answer% Correct
Bella Swan
98%
Edward Cullen
98%
Alice Cullen
92%
Charlie Swan
87%
Jacob Black
85%
Esme Cullen
82%
Carlisle Cullen
79%
Rosalie Cullen
72%
Emmett Cullen
71%
Jasper Hale
62%
Renesmee Cullen
45%
Billy Black
34%
Renee Dwyer
19%
Jessica Stanley
13%

Score Distribution

Percentile by Number Answered

Percent of People with Each Score

Your Score History

You have not taken this quiz